Statistiche per Nazioni vincitrici UEFA Champions League

Clicka qui per fare il quiz!

Statistiche generali

  • Questo quiz è stato fatto 35 volte
  • Il punteggio medio è 9 su 10

Statistiche sulle risposte

VittorieSquadre vincitriciNazione% Corretto
83Germania
100%
156Inghilterra
100%
123Italia
100%
63Paesi Bassi
100%
192Spagna
100%
11Francia
97%
42Portogallo
97%
11Jugoslavia / Serbia
74%
11Scozia
68%
11Romania
61%

Distribuzione punteggi

Percentile per numero di risposta

Percentuale di utenti per punteggio

I tuoi punteggi nel tempo

Non hai fatto questo quiz